The Online millionaire : (Record no. 357132)
[ view plain ]
| 000 -LEADER | |
|---|---|
| fixed length control field | 00721nam a2200253Ia 4500 |
| 008 - FIXED-LENGTH DATA ELEMENTS--GENERAL INFORMATION | |
| fixed length control field | 180523s9999 xx 000 0 und d |
| 020 ## - INTERNATIONAL STANDARD BOOK NUMBER | |
| International Standard Book Number | 0-471-78674-8 |
| 050 ## - LIBRARY OF CONGRESS CALL NUMBER | |
| Classification number | MAIN HF 5548.32 |
| 050 ## - LIBRARY OF CONGRESS CALL NUMBER | |
| Item number | .J69 2007 |
| 100 ## - MAIN ENTRY--PERSONAL NAME | |
| Personal name | Joyner, Amy. |
| 245 #4 - TITLE STATEMENT | |
| Title | The Online millionaire : |
| 245 #0 - TITLE STATEMENT | |
| Remainder of title | strategies for building a web-based empire on eBay and beyond / |
| 245 #0 - TITLE STATEMENT | |
| Statement of responsibility, etc | Amy Joyner; developed by Literary Productions. |
| 260 ## - PUBLICATION, DISTRIBUTION, ETC. (IMPRINT) | |
| Place of publication, distribution, etc | New Jersey : |
| 260 ## - PUBLICATION, DISTRIBUTION, ETC. (IMPRINT) | |
| Name of publisher, distributor, etc | John Wiley & Sons, |
| 260 ## - PUBLICATION, DISTRIBUTION, ETC. (IMPRINT) | |
| Date of publication, distribution, etc | 2007 |
| 300 ## - PHYSICAL DESCRIPTION | |
| Extent | 242 pages : |
| 300 ## - PHYSICAL DESCRIPTION | |
| Dimensions | 24 cm. |
| 650 ## - SUBJECT ADDED ENTRY--TOPICAL TERM | |
| Topical term or geographic name as entry element | eBay (Firm). |
| 650 ## - SUBJECT ADDED ENTRY--TOPICAL TERM | |
| Topical term or geographic name as entry element | Electronic commerce. |
| 650 ## - SUBJECT ADDED ENTRY--TOPICAL TERM | |
| Topical term or geographic name as entry element | Internet auctions. |
| 650 ## - SUBJECT ADDED ENTRY--TOPICAL TERM | |
| General subdivision | Internet marketing. |
| 650 ## - SUBJECT ADDED ENTRY--TOPICAL TERM | |
| General subdivision | Success in business. |
| Withdrawn status | Lost status | Damaged status | Home library | Current library | Shelving location | Date acquired | Total Checkouts | Full call number | Barcode | Date last seen | Price effective from | Koha item type |
|---|---|---|---|---|---|---|---|---|---|---|---|---|
| South Mansfield College | South Mansfield College | 06/18/2007 | MAIN HF 5548.32 .J69 2007 | SMC03575 | 05/23/2018 | 05/23/2018 |